[Event "TCh-CZE Div1 Zapad 2012-13"]
[Site "Czech Republic CZE"]
[Date "2013.02.10"]
[Round "7.2"]
[White "Rasik,V"]
[Black "Nun,Ji"]
[Result "1-0"]
[WhiteElo "2516"]
[BlackElo "2376"]

1.e4 d6 2.d4 Nf6 3.Nc3 e5 4.f3 exd4 5.Qxd4 Nc6 6.Bb5 Bd7 7.Bxc6 Bxc6 8.Bg5 Be7
9.O-O-O O-O 10.g4 a5 11.h4 b5 12.Nge2 b4 13.Nd5 Nxd5 14.exd5 Bd7 15.Ng3 f6
16.Bf4 Rb8 17.Qd2 a4 18.Rhe1 b3 19.cxb3 axb3 20.a3 Re8 21.Kb1 Bf8 22.h5 Rb5
23.Ne4 c6 24.Nc3 Rb7 25.Bxd6 Bxd6 26.dxc6 Bxc6 27.Qxd6 Qxd6 28.Rxe8+ Qf8
29.Rxf8+ Kxf8 30.Ne4 Rb5 31.Rd3 Bxe4 32.fxe4 Ke7 33.Kc1 Ke6 34.Kd2 g6 35.hxg6 hxg6
36.Ke3 Rb8 37.Kd4 Rd8+ 38.Kc4 Rc8+ 39.Kd4 Rd8+ 40.Kc4 Rc8+ 41.Kxb3 Ke5 42.a4 Kxe4
43.Rd6 Ke5 44.Rb6 g5 45.a5 f5 46.Rb5+ Kf4 47.Rxf5+ Kxg4 48.Rf7  1-0

[Event "73rd Noteboom Mem"]
[Site "Leiden NED"]
[Date "2013.02.10"]
[Round "4.2"]
[White "Fedorchuk,S"]
[Black "Colijn,S"]
[Result "1-0"]
[WhiteElo "2643"]
[BlackElo "2255"]

1.e4 c6 2.d4 d6 3.Nc3 Nf6 4.h3 Qc7 5.Nf3 e5 6.a4 a5 7.Bc4 Be7 8.O-O h6 9.Re1 g5
10.Nh2 Rg8 11.Be2 Nbd7 12.Nf1 Nf8 13.Ne3 Ng6 14.Bf1 Nf4 15.Nf5 Bxf5 16.exf5 O-O-O
17.g3 N4d5 18.Bg2 Nb4 19.Be3 Nd7 20.d5 Nf6 21.Ra3 Kb8 22.Rb3 Rc8 23.dxc6 bxc6
24.Na2 c5 25.c3 c4 26.Nxb4 Bd8  1-0

[Event "Moscow Open B 2013"]
[Site "Moscow RUS"]
[Date "2013.02.10"]
[Round "9.10"]
[White "Kharmunova,N"]
[Black "Fominykh,M"]
[Result "0-1"]
[WhiteElo "2207"]
[BlackElo "2284"]

1.e4 d6 2.d4 Nf6 3.Nc3 e5 4.Nf3 Nbd7 5.g3 g6 6.Bg2 Bg7 7.O-O O-O 8.b3 Re8
9.dxe5 dxe5 10.Bb2 c6 11.Qe2 Qc7 12.Rad1 b5 13.Rfe1 Bf8 14.Nb1 a5 15.c4 b4
16.a4 bxa3 17.Nxa3 Rb8 18.Rb1 Nc5 19.Qc2 Rxb3 20.Bxe5 Rxe5 21.Rxb3 Nxb3 22.Qxb3 Rxe4
23.Ra1 Bc5 24.Ne1 Re2 25.Nd3 Bd4 26.Rb1 Bf5 27.Nc2 Qa7 28.Qb8+ Kg7 29.Nce1 Bxf2+
30.Kf1 Qe3 31.Qf4 Bxe1  0-1

[Event "35th Georgi Tringov Open"]
[Site "Plovdiv BUL"]
[Date "2013.02.10"]
[Round "9.1"]
[White "Fier,A"]
[Black "Nevednichy,V"]
[Result "1-0"]
[WhiteElo "2577"]
[BlackElo "2542"]

1.e4 d6 2.d4 Nf6 3.Nc3 e5 4.Nf3 Nbd7 5.Bc4 Be7 6.O-O O-O 7.Re1 c6 8.a4 a5
9.h3 Nb6 10.Ba2 Nfd7 11.dxe5 dxe5 12.Be3 Qc7 13.Ng5 Nf6 14.Qd3 Bd7 15.Nf3 Rad8
16.Nxe5 Be6 17.Qf1 Bxa2 18.Rxa2 Bb4 19.Nd3 Rde8 20.f3 Bd6 21.Ne2 Nc4 22.Bf4 Nd7
23.Bxd6 Qxd6 24.Qf2 f5 25.exf5 Rxf5 26.Raa1 b5 27.axb5 cxb5 28.b3 Na3 29.Nd4 Rxe1+
30.Rxe1 Rf6 31.Re8+ Rf8 32.Qe3 a4 33.Re6 Qd5 34.Nc6 Kh8 35.Ne7 Qa8 36.Nb4 Nf6
37.Nf5 Ng8 38.Nxg7 Kxg7 39.Qg5+ Kf7 40.Qf5+ Kg7 41.Qg4+ Kf7 42.Nc6 Rc8 43.Ne5+ Kf8
44.Qf5+ Kg7 45.Rg6+  1-0

[Event "TCh-LTU 2013"]
[Site "Taujenai LTU"]
[Date "2013.02.10"]
[Round "5.1"]
[White "Slapikas,V"]
[Black "Martinkus,R"]
[Result "1-0"]
[WhiteElo "2361"]
[BlackElo "2203"]

1.e4 d6 2.d4 Nf6 3.Nc3 e5 4.Nf3 Nbd7 5.Bc4 Be7 6.O-O O-O 7.Re1 c6 8.a4 a5
9.Bf1 Qb6 10.g3 Re8 11.Bg2 Bf8 12.h3 exd4 13.Qxd4 Qxd4 14.Nxd4 d5 15.Bd2 Bc5
16.Nb3 d4 17.Ne2 Nxe4 18.Nexd4 Bxd4 19.Nxd4 Ndf6 20.Bf4 Bd7 21.Nb3 g5 22.Bc7 Rac8
23.Bxa5 Bf5 24.c4 Kg7 25.Rad1 c5 26.g4 Bg6 27.f3 Ng3 28.Rxe8 Rxe8 29.Nxc5 Ne2+
30.Kf2 Nf4 31.Bf1 Rc8 32.Nxb7 Rb8 33.Nd6 Rxb2+ 34.Rd2 Rc2 35.Rxc2 Bxc2 36.Bc3 Bxa4
37.Ne4  1-0

[Event "FSIM March 2013"]
[Site "Budapest HUN"]
[Date "2013.02.11"]
[Round "9.1"]
[White "Balint,Vi"]
[Black "Keschitz,G"]
[Result "0-1"]
[WhiteElo "2240"]
[BlackElo "2223"]

1.e4 d6 2.d4 Nf6 3.Nc3 e5 4.Nf3 Nbd7 5.Bc4 Be7 6.h3 O-O 7.Be3 c6 8.a4 a5
9.Bb3 exd4 10.Bxd4 Qc7 11.O-O Ne5 12.Nd2 Be6 13.f4 Bxb3 14.cxb3 Ng6 15.Nc4 Nd7
16.Rc1 Rad8 17.Ne3 Nc5 18.Nf5 f6 19.h4 Rf7 20.h5 Nf8 21.h6 g6 22.Ng7 Qb6
23.Qg4 Qxb3 24.f5 g5 25.Bxc5 dxc5 26.e5 Rd4 27.Qg3 fxe5 28.Qxe5 Bf6 29.Qxc5 Bd8
30.Qxd4 Bb6 31.Qxb6 Qxb6+ 32.Rf2 g4 33.g3 Qe3 34.Ne2 Qxh6 35.Ne8 Re7 36.Rc4 Rxe8
37.f6 Kf7 38.Rxg4 Ng6 39.Rd4 Ne5 40.Nc3 Qe3  0-1

[Event "17th Lienz Open 2013"]
[Site "Lienz AUT"]
[Date "2013.02.11"]
[Round "4.2"]
[White "Schwarhofer,C"]
[Black "Jovanovic,Zo CRO"]
[Result "0-1"]
[WhiteElo "2285"]
[BlackElo "2518"]

1.e4 d6 2.d4 Nf6 3.Nc3 e5 4.Nf3 Nbd7 5.Bc4 Be7 6.O-O O-O 7.Re1 a6 8.a4 b6
9.Ne2 Bb7 10.Ng3 Nxe4 11.Nxe4 d5 12.Bxd5 Bxd5 13.dxe5 Nxe5 14.Nxe5 Bxe4 15.Qe2 Bb7
16.Bf4 Bd6 17.Rad1 Qh4 18.Qe3 Rfe8 19.Qg3 Qxg3 20.Bxg3 Rad8 21.Nc4 Rxe1+
22.Rxe1 Bxg3 23.hxg3 Kf8 24.Ne3 a5 25.Rd1 Rxd1+ 26.Nxd1 Be4 27.Ne3 Ke7 28.f3 Bc6
29.b3 Kd6 30.Kf2 Kc5 31.Ke2 Kb4 32.Kd2 h5 33.Nf5 g6 34.Nd4 Bd7 35.c3+ Ka3
36.Kc2 c5 37.Nb5+ Bxb5 38.axb5 a4 39.bxa4 Kxa4 40.Kd3 Kxb5 41.Ke4 Kc6 42.Ke5 b5
43.Ke4 f5+ 44.Ke5 b4  0-1

[Event "17th Lienz Open 2013"]
[Site "Lienz AUT"]
[Date "2013.02.11"]
[Round "4.1"]
[White "Sedlak,N"]
[Black "Micheli,C"]
[Result "1-0"]
[WhiteElo "2573"]
[BlackElo "2292"]

1.d4 d6 2.e4 Nf6 3.Nc3 c6 4.f4 Qa5 5.e5 Ne4 6.Bd3 Nxc3 7.Qd2 Qd5 8.bxc3 Nd7
9.Nf3 Nb6 10.h3 g6 11.Qe2 dxe5 12.fxe5 Bf5 13.O-O Bxd3 14.cxd3 h6 15.a4 O-O-O
16.a5 Na8 17.Be3 f6 18.c4 Qd7 19.d5 cxd5 20.Bxa7 Nc7 21.Bb6 Re8 22.cxd5 Nxd5
23.e6 Qd6 24.Ba7  1-0

[Event "62nd ch-BUL w SF 2013"]
[Site "Plovdiv BUL"]
[Date "2013.02.11"]
[Round "1.3"]
[White "Sirkova,D"]
[Black "Ivanova,Si"]
[Result "1-0"]
[WhiteElo "1970"]
[BlackElo "2004"]

1.e4 d6 2.d4 Nf6 3.Nc3 e5 4.Nf3 Nbd7 5.Bc4 Be7 6.a4 O-O 7.O-O exd4 8.Nxd4 Re8
9.f4 Bf8 10.Re1 Nc5 11.Qf3 d5 12.Nxd5 Nxd5 13.Bxd5 c6 14.Nxc6 bxc6 15.Bxc6 Bd7
16.Bxa8 Qxa8 17.e5 Bc6 18.Qg4 Bxa4 19.b4 Bd7 20.Qd1 Bc6 21.bxc5 Bxg2 22.Be3 Re6
23.f5 Rxe5 24.Qg4 Be4 25.Bd4 Bxf5 26.Qg3 Rd5 27.c3 Bg6 28.Re5 Rd8 29.h4 h5
30.Rg5 a5 31.Qc7 Re8 32.c6 Re4 33.Raxa5 Qe8  1-0

[Event "77th ch-BUL SF 2013"]
[Site "Plovdiv BUL"]
[Date "2013.02.12"]
[Round "2.8"]
[White "Vutov,M"]
[Black "Ninov,D"]
[Result "1-0"]
[WhiteElo "2347"]
[BlackElo "2137"]

1.e4 d6 2.d4 Nf6 3.Nc3 e5 4.Nf3 Nbd7 5.Bc4 Be7 6.O-O O-O 7.a4 a6 8.Qe2 exd4
9.Nxd4 Ne5 10.Ba2 c5 11.Nf5 Bxf5 12.exf5 Qd7 13.f4 Nc6 14.g4 Ne8 15.Nd5 Bd8
16.c3 Rb8 17.Be3 b5 18.axb5 axb5 19.Rad1 Qc8 20.Bb1 b4 21.g5 bxc3 22.bxc3 Rxb1
23.Rxb1 Qxf5 24.Rbd1 Nc7 25.Qg2 Na5 26.Nxc7 Bxc7 27.Qd5 Qe6 28.Rfe1 Qh3 29.Qg2 Qc8
30.Qf3 f5 31.Qd5+ Kh8 32.Bf2 g6 33.Re7 Bd8 34.Bd4+  1-0

[Event "Horodok-800 years IM"]
[Site "Horodok UKR"]
[Date "2013.02.13"]
[Round "4"]
[White "Terletsky,O"]
[Black "Berlin,D"]
[Result "1/2-1/2"]
[WhiteElo "2250"]
[BlackElo "2065"]

1.e4 d6 2.d4 Nf6 3.Nc3 e5 4.Nf3 Nbd7 5.Bc4 Be7 6.O-O O-O 7.Re1 c6 8.a4 a5
9.h3 Nb6 10.Ba2 Nfd7 11.Be3 exd4 12.Qxd4 Nc5 13.Rad1 Be6 14.Bxe6 fxe6 15.e5 d5
16.Qg4 Qe8 17.b3 Qf7 18.Nd4 Nbd7 19.f4 Qg6 20.Qxg6 hxg6 21.Nf3 Na6 22.Ne2 Ndc5
23.Ned4 Rae8 24.g3 Bd8 25.Nd2 Kf7 26.h4 Ke7 27.Kg2 Kd7 28.N4f3 Kc7 29.Rh1 Rh8
30.Ng5 Bxg5 31.hxg5 Rxh1 32.Rxh1 Kd7 33.Rh7 Rg8 34.Kf2 Ke7 35.Bxc5+ Nxc5
36.Ke3 Kf7 37.Kd4 b6 38.Rh1 Rd8 39.c3 Na6 40.Nf3 Nc5 41.Nd2 Na6 42.Nf3 Nc5  1/2-1/2

[Event "17th Lienz Open 2013"]
[Site "Lienz AUT"]
[Date "2013.02.13"]
[Round "6.10"]
[White "Steiner,Ka"]
[Black "Haessler,W"]
[Result "1/2-1/2"]
[WhiteElo "2090"]
[BlackElo "2256"]

1.e4 d6 2.d4 Nf6 3.Nc3 e5 4.dxe5 dxe5 5.Qxd8+ Kxd8 6.Bc4 Ke8 7.Bd2 Bd6 8.f3 a6
9.a4 b6 10.Nge2 Nbd7 11.Nd5 Nxd5 12.Bxd5 Rb8  1/2-1/2

[Event "17th Lienz Open 2013"]
[Site "Lienz AUT"]
[Date "2013.02.13"]
[Round "6.13"]
[White "Pacher,S"]
[Black "Ager,J"]
[Result "1-0"]
[WhiteElo "1992"]
[BlackElo "2198"]

1.e4 d6 2.d4 Nf6 3.Nc3 c6 4.h3 Qc7 5.Nf3 e5 6.Be3 Be7 7.Bd3 Nbd7 8.Ne2 b5
9.c3 Nb6 10.b3 O-O 11.Ng3 Re8 12.O-O Bf8 13.Nd2 a6 14.Rc1 Qd8 15.f4 Nbd7
16.Qe1 g6 17.f5 Bg7 18.fxg6 fxg6 19.Kh1 exd4 20.cxd4 c5 21.Qf2 cxd4 22.Bxd4 Ne5
23.Bb1 Rb8 24.Nf3 Rf8 25.Qe3 Nfd7 26.Ng1 Rxf1 27.Rxf1 Nf8 28.Qd2 Bb7 29.N1e2 Ne6
30.Be3 Qe7 31.Nf4 Nxf4 32.Rxf4 Rd8 33.Rf1 Qe6 34.Ne2 Qe8 35.Nf4 Nd7 36.Qxd6 Bxe4
37.Qe6+ Qxe6 38.Nxe6 Bxb1 39.Nxd8 Bxa2 40.b4 Bc4 41.Rd1 Ne5 42.Rd6 Nd3 43.Rxa6 Nxb4
44.Ra8 Nd5 45.Bc5 Bc3 46.Nb7+ Kg7 47.Nd6 Bd3 48.Ra7+ Kf6 49.Rf7+ Ke6 50.Rxh7 b4
51.Rb7 Bc2 52.Nb5 Bd3 53.Nd4+ Kf6 54.Nc6 Be4 55.Rb8 Nf4 56.Rf8+  1-0

[Event "TCh-FRA w TOP 12 2013"]
[Site "Archamps FRA"]
[Date "2013.02.15"]
[Round "1.6"]
[White "Penalver,M"]
[Black "Zickelbein,EM"]
[Result "0-1"]
[WhiteElo "1851"]
[BlackElo "2081"]

1.e4 d6 2.d4 Nf6 3.Nc3 e5 4.dxe5 dxe5 5.Qxd8+ Kxd8 6.Bg5 Bd6 7.Bc4 Be6 8.Bxe6 fxe6
9.O-O-O Ke7 10.f3 a6 11.h4 h6 12.Be3 Nbd7 13.Nge2 b5 14.a3 Bc5 15.Bd2 Nb6
16.f4 Ng4 17.Rdf1 Nc4 18.fxe5 Nxd2 19.Kxd2 Be3+ 20.Ke1 Rad8 21.Nf4 Nxe5 22.Nd3 Bd4
23.Nd1 c5 24.Rh3 c4 25.Nxe5 Bxe5 26.Rhf3 Rhf8 27.Rxf8 Rxf8 28.Rxf8 Kxf8 29.h5 Ke7
30.Kd2 Kf6 31.a4 Kg5 32.Nc3 b4 33.Nd1 Kxh5 34.b3 cxb3 35.cxb3 Kg4 36.Kd3 Kf4
37.Ne3 g5 38.Nc2 a5 39.Ne3 h5 40.Nc4 Bc7 41.e5 h4 42.Ke2 g4 43.Kf2 Bxe5 44.Nxa5 Bd4+
45.Kf1 h3 46.gxh3 gxh3 47.Nc6 Bc5 48.Nd8 Kg3  0-1

[Event "Horodok-800 years IM"]
[Site "Horodok UKR"]
[Date "2013.02.15"]
[Round "6"]
[White "Terletsky,O"]
[Black "Zajarnyi,A"]
[Result "1-0"]
[WhiteElo "2250"]
[BlackElo "2305"]

1.e4 d6 2.d4 Nf6 3.Nc3 e5 4.Nf3 Nbd7 5.Bc4 Be7 6.O-O O-O 7.Re1 c6 8.a4 a5
9.Ba2 exd4 10.Nxd4 Nc5 11.Bg5 Qb6 12.Qf3 Bg4 13.Qg3 Rae8 14.Nb3 Be6 15.Be3 Bxb3
16.Bxb3 Nfd7 17.Rad1 Kh8 18.Bd4 f6 19.Re3 Qb4 20.Na2 Qb6 21.Rdd3 Qc7 22.Qg6 Nxb3
23.Rh3 h6 24.Rxh6+ Kg8 25.Rh7 Rf7 26.Rdh3  1-0

[Event "62nd ch-BUL w SF 2013"]
[Site "Plovdiv BUL"]
[Date "2013.02.15"]
[Round "6.1"]
[White "Vasova,M"]
[Black "Ivanova,Si"]
[Result "1/2-1/2"]
[WhiteElo "1824"]
[BlackElo "2004"]

1.e4 d6 2.d4 Nf6 3.Nc3 e5 4.dxe5 dxe5 5.Qxd8+ Kxd8 6.Bc4 Ke8 7.Nf3 Bd6 8.Bg5 Nbd7
9.O-O-O a6 10.a4 h6 11.Bh4 Kf8 12.Rhe1 g6 13.Nd2 Kg7 14.f3 Nc5 15.f4 Bg4
16.Bxf6+ Kxf6 17.fxe5+ Bxe5 18.Rf1+ Kg5 19.Nf3+ Bxf3 20.Rxf3 f6 21.Rd5 b6
22.Rg3+ Kh4 23.Rxg6 c6 24.Rd1 b5 25.g3+ Kh3 26.Bf1+ Kxh2 27.Rd2+ Kg1 28.Bh3 Rag8
29.Ne2+ Kh1 30.Rg4 Rxg4 31.Bxg4 Kg2 32.Bf5 Kf3 33.g4 Nxa4 34.Ng1+ Kg3 35.Ne2+ Kf2
36.Nd4+ Ke3 37.Rd3+ Kf2 38.Rd2+  1/2-1/2

[Event "TCh-FRA w TOP 12 2013"]
[Site "Archamps FRA"]
[Date "2013.02.16"]
[Round "2.5"]
[White "Leconte,M"]
[Black "Broly,Mathilde"]
[Result "1-0"]
[WhiteElo "2221"]
[BlackElo "1745"]

1.e4 d6 2.d4 Nf6 3.Nc3 e5 4.Nf3 Nbd7 5.Bc4 Be7 6.O-O O-O 7.h3 c6 8.a4 b6
9.Re1 Bb7 10.Bf1 Qc7 11.g3 Rfe8 12.Bg2 Bf8 13.d5 a6 14.Nh2 Nc5 15.Nf1 b5
16.a5 b4 17.Na2 cxd5 18.exd5 Qxa5 19.Bd2 Qb5 20.Bxb4 a5 21.Ba3 Na4 22.c4 Qd7
23.b3 Nb6 24.Ne3 Ba6 25.Nc3 Rec8 26.Bb2 Bb7 27.Na4 Qd8 28.Bc3 Nfd7 29.Nb2 a4
30.bxa4 Ba6 31.Bf1 Nf6 32.a5 Nbd7 33.Nc2 Nc5 34.Bg2 Nb7 35.Bf1 Nc5 36.Qf3 Bb7
37.Ra3 Na6 38.Na4 Nd7 39.Rb1 Rab8 40.Nb6 Rc5 41.Nxd7 Qxd7 42.Rb6 Be7 43.Nb4 Nxb4
44.Bxb4 Rcc8 45.Rb3 Ba8 46.Ba3 Qa7 47.Qe3 Qc7 48.R3b5 Rb7 49.Rxb7 Bxb7 50.Qa7 Rb8
51.a6 Bf8 52.Rxb7  1-0

[Event "ch-ROU 2013"]
[Site "Baile Olanesti ROU"]
[Date "2013.02.16"]
[Round "1.42"]
[White "Martian,D"]
[Black "Ciortan,M"]
[Result "1-0"]
[WhiteElo "2145"]
[BlackElo "1708"]

1.e4 d6 2.d4 Nf6 3.Nc3 e5 4.Nf3 Nbd7 5.Bc4 h6 6.O-O c6 7.Re1 Qc7 8.a4 Be7
9.b3 Nf8 10.Be3 Bg4 11.d5 c5 12.Bb5+ N8d7 13.Be2 Bxf3 14.Bxf3 O-O 15.Ne2 Rfe8
16.Ng3 Bf8 17.h4 g6 18.h5 Bg7 19.Kh2 Nf8 20.Rh1 g5 21.Qe2 N8h7 22.Nf5 Kh8
23.b4 b6 24.g4 Ng8 25.bxc5 bxc5 26.Qa6 Bf8 27.Rhb1 Rab8 28.Be2 Red8 29.Qc6 Qa5
30.Rxb8 Rxb8 31.Nxd6 Bxd6 32.Qxd6 Rb6 33.Qxe5+ f6 34.Qg3 Qb4 35.Qf3 Nf8 36.Kg2 Nd7  1-0

[Event "Frau Bundesliga Div1 2012-13"]
[Site "Germany GER"]
[Date "2013.02.16"]
[Round "8.3"]
[White "Levushkina,E"]
[Black "Voiska,M"]
[Result "0-1"]
[WhiteElo "2288"]
[BlackElo "2298"]

1.e4 d6 2.d4 Nf6 3.Nc3 e5 4.Nf3 Nbd7 5.Bc4 Be7 6.O-O O-O 7.Re1 a6 8.a4 b6
9.b3 Bb7 10.Bb2 c6 11.Bd3 Re8 12.Ne2 Bf8 13.Ng3 g6 14.Qd2 b5 15.c3 Qc7 16.h4 Rad8
17.h5 d5 18.hxg6 hxg6 19.Qg5 exd4 20.cxd4 dxe4 21.Nxe4 Nxe4 22.Rxe4 Rxe4
23.Bxe4 Bg7 24.axb5 axb5 25.Rc1 Rc8 26.Qh4 Qd6 27.Ng5 Nf8 28.Bf3 Qe7 29.Qg4 Bh6
30.Rc5 f5 31.Qg3 Qxg5 32.Qd6 Rd8 33.Qh2 Qd2 34.Qc7 Rd7  0-1

[Event "VI Karkonosze Open A"]
[Site "Karpacz POL"]
[Date "2013.02.16"]
[Round "1.1"]
[White "Dmochowska,A"]
[Black "Malaniuk,V"]
[Result "0-1"]
[WhiteElo "1805"]
[BlackElo "2515"]

1.e4 d6 2.d4 Nf6 3.Nc3 e5 4.Nf3 Nbd7 5.g4 Nxg4 6.Rg1 Ngf6 7.Bc4 h6 8.Be3 c6
9.Qd2 b5 10.Bb3 b4 11.Ne2 Nxe4 12.Qd3 d5 13.dxe5 Ndc5 14.Bxc5 Nxc5 15.Qe3 Qb6
16.Nf4 Ne6 17.Qd2 Nxf4 18.Qxf4 g5 19.Qd2 Bc5 20.c3 Bd7 21.Nd4 O-O-O 22.O-O-O Rhe8
23.f4 a5 24.fxg5 Rxe5 25.gxh6 bxc3 26.Qxc3 Re4 27.h7 Bxd4 28.Rxd4 Qxd4  0-1

[Event "Aeroflot Open Rapid Final"]
[Site "Moscow RUS"]
[Date "2013.02.16"]
[Round "2.2"]
[White "Grischuk,A"]
[Black "Mamedyarov,S"]
[Result "1/2-1/2"]
[WhiteElo "2764"]
[BlackElo "2766"]

1.e4 d6 2.d4 Nf6 3.Nc3 c6 4.f4 Qa5 5.Bd3 e5 6.Nf3 Bg4 7.Be3 Be7 8.O-O Nbd7
9.h3 Bxf3 10.Qxf3 Bd8 11.Ne2 O-O 12.c3 Re8 13.g4 exd4 14.cxd4 Nf8 15.Ng3 Bb6
16.g5 N6d7 17.Nf5 Qb4 18.Qf2 c5 19.Bd2 Qa4 20.Nxd6 Re6 21.e5 cxd4 22.b3 Qc6
23.Qf3 Nc5 24.Qxc6 bxc6 25.Bc4 Rxd6 26.exd6 Ne4 27.Rad1 Rd8 28.Kg2 Ng6 29.Kf3 Nxd6
30.Bd3 Nh4+ 31.Kg4 Ng2 32.Kf3 Ne3 33.Bxe3 dxe3 34.Be2 Kf8 35.Rd3 Ke7 36.Rfd1 f6
37.gxf6+ gxf6 38.b4 h5 39.a4 a6 40.h4 f5 41.a5 Ba7 42.Rxd6 Rxd6 43.Rxd6 Kxd6
44.Bxa6 Kd5 45.Bd3 Kd4 46.Ke2 Kc3 47.b5 cxb5 48.Bxb5 Kb4 49.Bd7 Kxa5 50.Bxf5 Kb4
51.Bg6 Kc4 52.Bxh5 Kd5  1/2-1/2

[Event "TCh-NED Meesterklasse 2012-13"]
[Site "Netherland NED"]
[Date "2013.02.16"]
[Round "6.3"]
[White "Giri,A"]
[Black "Driessens,P"]
[Result "1-0"]
[WhiteElo "2730"]
[BlackElo "2342"]

1.e4 d6 2.d4 Nf6 3.Nc3 e5 4.Nf3 Nbd7 5.g4 Nxg4 6.Rg1 Ngf6 7.Be3 c6 8.Qd2 Qe7
9.O-O-O g6 10.Ng5 h6 11.Nf3 Bg7 12.a4 b6 13.Bh3 Nh5 14.Kb1 Ndf6 15.Bxc8 Rxc8
16.Ne1 exd4 17.Bxd4 O-O 18.f3 Rcd8 19.Ng2 d5 20.e5 Nh7 21.f4 c5 22.Bf2 d4
23.Ne4 Qd7 24.Nh4 Kh8 25.f5 gxf5 26.Nd6 Bxe5 27.Nxf7+  1-0

[Event "ch-ROU w 2013"]
[Site "Baile Olanesti ROU"]
[Date "2013.02.17"]
[Round "2.10"]
[White "Stanciu,Ioana-Georgiana"]
[Black "Vasilescu,M"]
[Result "1-0"]
[WhiteElo "1716"]
[BlackElo "1883"]

1.e4 d6 2.d4 Nf6 3.Nc3 e5 4.Nf3 Nbd7 5.Bc4 Be7 6.O-O O-O 7.Re1 c6 8.a4 a5
9.h3 Nb6 10.Ba2 Nfd7 11.Be3 exd4 12.Qxd4 Nc5 13.Rad1 Be6 14.Bxe6 fxe6 15.e5 d5
16.Qg4 Qc8 17.Ng5 Nc4 18.b3 Nxe5 19.Qh5 Bxg5 20.Bxc5 Rf5 21.Qe2 Qc7 22.Bd4 Bf6
23.f4 Rf8 24.fxe5 Bg5 25.Rf1 c5 26.Nb5 Qc6 27.Rxf5 Rxf5 28.Bf2 Bf4 29.Qe1 b6
30.Bg3 Rxe5 31.Qc3 Be3+ 32.Kh1 Re4 33.Re1 d4 34.Qd3 e5 35.c3 h6 36.Bf2 Qf6
37.Bg3 Qg6 38.Bxe5 Qf5 39.Bg3 Qd5 40.Bf2 Re5 41.Bxe3 Qxb3 42.Bd2 Rxe1+ 43.Bxe1 Qxa4
44.Nd6 Qa1 45.Qd2 a4 46.cxd4 cxd4 47.Kh2 a3 48.Bf2 a2 49.Bxd4 Qb1 50.Qb2 g5
51.Nc4 Qe4 52.Nd2 Qf4+ 53.Kh1 a1=Q+ 54.Qxa1 Qxd2 55.Bxb6 Qe2 56.Qf6 g4 57.Qg6+ Kh8
58.Qxh6+ Kg8 59.Qg6+ Kf8 60.Qxg4 Qe1+ 61.Bg1 Qe5 62.h4  1-0

[Event "TCh-HUN 2012-13"]
[Site "Budapest HUN"]
[Date "2013.02.17"]
[Round "7"]
[White "Bokros,A"]
[Black "Berczes,C"]
[Result "1-0"]
[WhiteElo "2458"]
[BlackElo "2388"]

1.e4 d6 2.d4 Nf6 3.Nc3 e5 4.Nge2 Be7 5.g3 O-O 6.Bg2 c6 7.a4 Qa5 8.O-O b5
9.b4 Qb6 10.axb5 cxb5 11.dxe5 dxe5 12.Be3 Qb7 13.Nd5 Rd8 14.Bc5 Nxd5 15.exd5 Bd6
16.Nc3 a6 17.Ne4 Bf8 18.Qh5 f6 19.f4 exf4 20.Rxf4 f5 21.d6 Nc6 22.Ng5 g6
23.Bd5+ Kh8 24.Qf3 Bd7 25.Nf7+ Kg7 26.Qc3+  1-0

[Event "TCh-CZE Extraliga 2012-13"]
[Site "Czech Republic CZE"]
[Date "2013.02.17"]
[Round "6.2"]
[White "Bobras,P"]
[Black "Cyborowski,L"]
[Result "1/2-1/2"]
[WhiteElo "2554"]
[BlackElo "2526"]

1.e4 d6 2.d4 Nf6 3.Nc3 e5 4.Nf3 Nbd7 5.Bc4 Be7 6.O-O O-O 7.a4 c6 8.a5 Rb8
9.Qe2 b5 10.axb6 axb6 11.d5 cxd5 12.exd5 Bb7 13.Ra7 Qc8 14.Bd2 Ra8 15.Rfa1 Rxa7
16.Rxa7 Qb8 17.Nb5 Re8 18.b4 Rd8 19.Nfd4 exd4 20.Qxe7 Bxd5 21.Bxd5 Nxd5 22.Qxd6 Qxd6
23.Nxd6 Ne5 24.Nf5 d3 25.cxd3 Nc6 26.Rb7 Ncxb4 27.Bxb4 Nxb4 28.Rxb6  1/2-1/2

[Event "Frau Bundesliga Div1 2012-13"]
[Site "Germany GER"]
[Date "2013.02.17"]
[Round "9.3"]
[White "Havlikova,K"]
[Black "Moser,E"]
[Result "1/2-1/2"]
[WhiteElo "2310"]
[BlackElo "2443"]

1.e4 d6 2.d4 Nf6 3.Nc3 e5 4.Nf3 Nbd7 5.Bc4 Be7 6.O-O O-O 7.Re1 c6 8.a4 a5
9.Ba2 h6 10.h3 Re8 11.Be3 Qc7 12.Nh4 Nf8 13.Qf3 exd4 14.Bxd4 Ne6 15.Bxe6 Bxe6
16.Nf5 Bxf5 17.Qxf5 Nd7 18.Rad1 Bf6 19.Ne2 Re7 20.Bxf6 Nxf6 21.Ng3 Rae8 22.Qf4 Re6
23.b3 Kh7 24.c4 Re5 25.Kh2 Kh8 26.Re3 Nxe4 27.Nxe4 Rxe4 28.Rxe4 Rxe4 29.Qxd6 Qxd6+
30.Rxd6 Re2 31.Rd7 b5 32.cxb5 cxb5 33.axb5 Re5 34.b6 Rb5 35.b7 Kh7 36.Rxf7 Rxb3
37.Rf5 Rxb7 38.Rxa5 Rb3 39.Ra6 Rc3 40.f3 Rc4 41.Kg3 Rb4 42.Re6 Ra4 43.Re4 Ra2
44.h4 h5 45.Re5 Kh6 46.f4 g6 47.Kf3 Rb2 48.Re3 Ra2 49.Rd3 Rb2 50.g3 Rb4 51.Ra3  1/2-1/2

[Event "Frau Bundesliga Div1 2012-13"]
[Site "Germany GER"]
[Date "2013.02.17"]
[Round "9.1"]
[White "Bodnaruk,A"]
[Black "Michna,Mart"]
[Result "1/2-1/2"]
[WhiteElo "2425"]
[BlackElo "2383"]

1.e4 d6 2.d4 Nf6 3.Nc3 c6 4.f4 Qa5 5.Bd3 e5 6.Nf3 Bg4 7.Be3 Nbd7 8.O-O Be7
9.a3 O-O 10.h3 Bh5 11.Qe1 Bxf3 12.Rxf3 Rfe8 13.Qf2 Bf8 14.g4 exd4 15.Bxd4 c5
16.Bxf6 Nxf6 17.g5 Nd7 18.Bb5 Rad8 19.Re1 d5 20.exd5 Rxe1+ 21.Qxe1 c4 22.f5 a6
23.Bxd7 Rxd7 24.Kf1 Qb6 25.f6 g6 26.Qc1 Rd8 27.Re3 Qd6 28.Kg2 h6 29.Re4 hxg5
30.Qxg5 Qb6 31.Nd1 Qb5 32.Re5 Bd6 33.Re4 Bf8 34.Ne3 c3 35.bxc3 Qe2+ 36.Kg1 Qe1+
37.Kg2 Qe2+ 38.Kg1 Qe1+ 39.Kg2 Qe2+  1/2-1/2

[Event "VI Karkonosze Open A"]
[Site "Karpacz POL"]
[Date "2013.02.17"]
[Round "2.2"]
[White "Wozniak,Mari"]
[Black "Sergeev,Vl"]
[Result "1-0"]
[WhiteElo "1982"]
[BlackElo "2469"]

1.e4 d6 2.d4 Nf6 3.Nc3 Nbd7 4.Be3 c6 5.a4 Qa5 6.Bd3 e5 7.Ne2 Be7 8.O-O O-O
9.Kh1 Re8 10.h3 Bf8 11.f4 exd4 12.Bxd4 a6 13.g4 d5 14.e5 c5 15.exf6 cxd4
16.Nxd4 Nxf6 17.Qf3 Qb6 18.Rad1 Bc5 19.g5 Bxd4 20.gxf6 Re3 21.Rde1 Bxh3 22.Rg1 Rxf3
23.Rxg7+ Kf8 24.Bxh7 Rf1+ 25.Rxf1 Qxf6 26.Rg8+ Ke7 27.Nxd5+ Kd6 28.Nxf6 Rxg8
29.Rd1 Rh8 30.Rxd4+ Ke6 31.Ne4 Bf5 32.Ng5+ Ke7 33.Rd2 f6 34.Re2+ Kf8 35.Rh2 Bg4
36.Be4 Rxh2+ 37.Kxh2 fxg5 38.fxg5 b6 39.Bd3 a5 40.Kg3 Bd7 41.b3 Ke7 42.Kf4 Kd6
43.g6 Be6 44.g7 Ke7 45.Bh7  1-0

[Event "TCh-HUN 2012-13"]
[Site "Kecskemet HUN"]
[Date "2013.02.17"]
[Round "7"]
[White "Siklosi,Z"]
[Black "Bali,J"]
[Result "1/2-1/2"]
[WhiteElo "2329"]
[BlackElo "2260"]

1.e4 d6 2.d4 Nf6 3.Nc3 e5 4.Nf3 Nbd7 5.Bc4 Be7 6.O-O O-O 7.Re1 c6 8.a4 b6
9.d5 cxd5 10.Nxd5 Nxd5 11.Bxd5 Rb8 12.Qd3 Nc5 13.Qc4 Ba6 14.Qa2 Bb7 15.Be3 Qc7
16.Bxc5 Qxc5 17.Bxb7 Rxb7 18.c4 g6 19.Rad1 Kg7 20.Rd5 Qc8 21.b3 f5 22.Qe2 f4
23.h3 h5 24.Nh2 Rh8 25.Red1 g5 26.f3 Rh6 27.R1d2 Qc6 28.Rd1 Rg6 29.Qf2 Rb8
30.Qe2 Rc8 31.Qf2 a6 32.Qe2 Kf7 33.Qd2 Bd8 34.Kf1 Bc7 35.Qe2 Bb8 36.Qd3 Ke7
37.Ke2 Ba7 38.Ra1 Rc7 39.Kd1 Rg8 40.Ra2 Rg6 41.Nf1 Rc8 42.Nh2 Bb8 43.Rc2 Rgg8
44.Kc1 Rg6 45.Kb2 Ba7 46.Kb1 Rc7 47.Qe2 Rc8 48.Kb2 Rgg8 49.Nf1 Rg6 50.g3 b5
51.cxb5 Bd4+ 52.Kb1 Qxc2+ 53.Qxc2 Rxc2 54.Kxc2 a5 55.Kd3 Bf2 56.g4 hxg4 57.hxg4 Rh6
58.Nd2 Bd4 59.b6 Bxb6 60.Nc4 Bc7 61.Nxa5 Bxa5 62.Rxa5 Rh3 63.Ke2 Rh2+ 64.Ke1 Kd7
65.Rd5 Kc6 66.Rd2 Rh1+ 67.Ke2 Kc5 68.Rd5+ Kb4 69.Rxd6 Kxb3 70.a5 Rh2+ 71.Kf1 Kc4
72.Rc6+ Kd3 73.Rd6+ Kc4 74.Rd5 Ra2 75.Rxe5 Kd4 76.Rb5 Ra1+ 77.Ke2 Ra2+ 78.Kd1 Ra3
79.Rxg5 Rxf3 80.Rb5 Ra3 81.e5 f3 82.Ke1 Ke3 83.Rb1 Rxa5 84.e6 Kf4 85.Kf1 Kxg4
86.e7 Ra8 87.Re1 Re8 88.Kf2 Kf5 89.Kxf3 Kf6  1/2-1/2

[Event "TCh-HUN 2012-13"]
[Site "Nagykanizsa HUN"]
[Date "2013.02.17"]
[Round "7"]
[White "Nemeth,Mi1"]
[Black "Markus,Rob"]
[Result "1/2-1/2"]
[WhiteElo "2454"]
[BlackElo "2605"]

1.e4 d6 2.d4 Nf6 3.Nc3 e5 4.Nf3 Nbd7 5.Bc4 Be7 6.O-O Nb6 7.Bd3 Nfd7 8.a4 a5
9.Be3 c6 10.Ne2 exd4 11.Bxd4 O-O 12.Ng3 Bf6 13.c3 Ne5 14.Nxe5 dxe5 15.Be3 Be6
16.Qe2 Bg5 17.Bc5 Be7 18.Be3 Bg5 19.Bc5 Be7 20.Be3 Bg5  1/2-1/2

[Event "TCh-HUN 2012-13"]
[Site "Paks HUN"]
[Date "2013.02.17"]
[Round "7"]
[White "Acs,Peter"]
[Black "Popovic,Du"]
[Result "1/2-1/2"]
[WhiteElo "2586"]
[BlackElo "2583"]

1.e4 d6 2.d4 Nf6 3.Nc3 e5 4.Nf3 Nbd7 5.Bc4 Be7 6.O-O Nb6 7.Be2 exd4 8.Qxd4 O-O
9.h3 Nfd7 10.Be3 Bf6 11.Qd3 Re8 12.Rfe1 Nc5 13.Bxc5 dxc5 14.Qb5 Bxc3 15.bxc3 Qe7
16.Bf1 Bd7 17.Qd3 Rad8 18.Qe3 Ba4 19.Rac1  1/2-1/2

[Event "ch-ROU 2013"]
[Site "Baile Olanesti ROU"]
[Date "2013.02.18"]
[Round "3.49"]
[White "Salageanu,G"]
[Black "Ciortan,M"]
[Result "0-1"]
[WhiteElo "1861"]
[BlackElo "1708"]

1.e4 d6 2.d4 Nf6 3.Nc3 e5 4.dxe5 dxe5 5.Qxd8+ Kxd8 6.Bg5 Be7 7.Nf3 Nfd7 8.O-O-O f6
9.Be3 c6 10.Bc4 Kc7 11.Be6 Nc5 12.Bxc8 Kxc8 13.Nh4 g6 14.f4 Nbd7 15.Nf3 Kc7
16.Rd2 b6 17.Rhd1 Rad8 18.fxe5 Nxe5 19.Bf4 Rxd2 20.Rxd2 Nd7 21.Ne2 Bc5 22.Kd1 Re8
23.h4 Kc8 24.Ned4 Nxf3 25.gxf3 Bxd4 26.Rxd4 Re6 27.Rd6 Rxd6+ 28.Bxd6 Ne5
29.Bxe5 fxe5 30.Ke2 Kd7 31.Ke3 Ke6 32.c4 h6 33.f4 exf4+ 34.Kxf4 Kf6 35.e5+ Ke6
36.Ke4 g5 37.h5 g4 38.Kf4 g3 39.Kxg3 Kxe5 40.Kg4 c5 41.a3 a5 42.a4 Ke4 43.b3 Ke5
44.Kf3 Kf5 45.Ke3 Kg5 46.Ke4 Kxh5 47.Kd5 Kg4 48.Kc6 h5 49.Kxb6 h4 50.Kxc5 h3
51.Kb5 h2  0-1